Impacto ambiental de la planta de potabilización sobre el Rio Mayales en la ciudad de Juigalpa departamento de Chontales

Presenta un estudio de impacto ambiental de la planta de potabilización sobre el Rio Mayales, incluye identificación de acciones del proyecto que han generado impacto ambiental, evaluación de calidad del afluente y propuesta de alternativas del uso y manejo de los lados.

Bibliographic Details
Main Authors: Reyes Pérez, Ana Lisseth, Chavarría Leiva, Yunieth Adalí
Other Authors: Tutor: Sierra Mercado, Jimmy
Format: Tesis Section = Libro
Language:Undetermined
Spanish
Published: Managua UNI 2011
Subjects:
LEADER 01212nam a2200265Ia 4500
008 240830s9999 xx 000 0 und d
040 |a BIBLIOTECA-RUPAP Mon 333.714 R457 
041 |a spa 
082 |a Mon 333.714 R457 
100 1 |a Reyes Pérez, Ana Lisseth 
100 1 |b  Chavarría Leiva, Yunieth Adalí 
245 1 0 |a Impacto ambiental de la planta de potabilización sobre el Rio Mayales en la ciudad de Juigalpa departamento de Chontales 
260 |a Managua  |b UNI  |c 2011 
300 |a 99 p. :il. 
500 |a Contiene: anexos. 
502 |a Tesis (Ingeniero Civil)- UNI, 2011. 
520 3 |a Presenta un estudio de impacto ambiental de la planta de potabilización sobre el Rio Mayales, incluye identificación de acciones del proyecto que han generado impacto ambiental, evaluación de calidad del afluente y propuesta de alternativas del uso y manejo de los lados. 
650 7 |a MEDIO AMBIENTE - DIAGNÓSTICO AMBIENTAL - RÍO MAYALES 
650 7 |b FACTORES AMBIENTALES - MEDIO FÍSICO - RÍO MAYALES 
650 7 |c DEGRADACIÓN AMBIENTAL 
650 7 |d CONSERVACIÓN DE LOS RECURSOS NATURALES 
700 1 |a Tutor:  |b Sierra Mercado, Jimmy 
942 |c BK  |2 ddc 
991 |a TESIS 
999 |c 15406